00618nam a22001577a 450000500170000001000150001702000260003203500140005803700090007208200080008110000330008924500740012226000580019627001510025430000550040520250114155026.0 aHIN-129251 a9789355431806c699.00 aHN-101597 bDBAD a921 aबादल,राजेश aकहा तुम चले गए /bराजेश बादल aदिल्लीbकिताबवालाc2020 a2356, हडसन लाइन , गुरु तेग बहदुर नगर,bदिल्लीe110009k9654444181mkitabwallah@gmail.com a242 पृ.c22 सेमी (सजिल्द )